000 00796nam a22002174a 4500
005 20100811103246.0
010 _aENG-99486
020 _c120.00
_a9789350011119
035 _aEN-83018
037 _bDBAD/PUB
082 _a571.835
100 _aMary, B. Gijilet
_910572
245 _aStem cells /
_cby B. Gijilet Mary
260 _aPerambalur
_bMercury Publishers
_c2009
270 _aMercury Publishers
_e621212
_bPerambalur
300 _a168 p.
_c20 cm (Pbk)
650 _aStem cells
_910573
650 _aBiology
_910574
942 _2ddc
_cEN
_mMAR
_h571.835
999 _c40826
_d40826